عرض عادي
عرض مارك
- Business enterprises
مدخل مصطلح موضوعي
001 - رقم الضبط
- حقل الضبط: 5730
003 - معرف رقم الضبط
- حقل الضبط: OSt
005 - تاريخ ووقت أخر عملية
- حقل الضبط: 20111027023158.0
008 - عناصر بيانات ثابتة الطول
- حقل تحكم ثابت الطول: 111027|||a|||||| | ||| d
040 ## - مصدر الفهرسة
- هيئة الفهرسة الأصلية: OSt
- وكالة الكتابة: OSt
150 ## - مدخل-- مصطلح تاريخي
- عنصر مدخل المصطلح الموضوعي او الاسم الجغرافي: Business enterprises
- تفريع عام: Computer networks.
670 ## - بيانات المصدر موجوده
- الاستشهاد بالمصدر: Work cat.: (OSt)0: Forouzan, Behrouz A. 4862, Business data communications /, c2003.
